| 000 | 01024cam a2200301 a 4500 | ||
|---|---|---|---|
| 001 | 000007940 | ||
| 003 | DO-SdBNP | ||
| 005 | 20251029141514.0 | ||
| 008 | 790919s1977 ve 001 f spa | ||
| 020 | _cBs14.00 | ||
| 040 |
_aDO-SdBNP _cDLC _dDLC |
||
| 082 |
_aV863.44 _bG233p |
||
| 100 | 1 |
_aGarmendia, Salvador, _d1928-2001 _921741 |
|
| 245 | 1 | 4 |
_aLos pequeños seres : _blos habitantes / _cSalvador Garmendia. |
| 260 |
_aCaracas : _bMonte Avila, _c1977. |
||
| 300 |
_a294 p. ; _c18 cm. |
||
| 490 | 1 | _aLetra Viva | |
| 590 | _aPerteneció a la biblioteca personal de Juan Isidro Jimenes Grullón | ||
| 650 | 4 |
_aNovela venezolana _93962 |
|
| 650 | 4 |
_aLiteratura venezolana _93816 |
|
| 650 | 4 |
_aProblemas sociales _zCaracas (Venezuela) _vNovela _921742 |
|
| 650 | 4 |
_aNarrativa _921743 |
|
| 650 | 4 |
_aCaracas (venezuela) _xVida social y costumbres _vNovela _921744 |
|
| 700 | 1 | 2 |
_aGarmendia, Salvador. _tHabitantes. 1977. _921745 |
| 830 | 0 |
_aLetra Viva _95252 |
|
| 910 | _aCatalogación por copia / LC | ||
| 942 |
_2ddc _cLBS1 |
||
| 999 |
_c7718 _d7718 |
||